<?xml version="1.0" encoding="UTF-8"?><?xml-stylesheet type="text/xsl" href="static/style.xsl"?><OAI-PMH xmlns="http://www.openarchives.org/OAI/2.0/" xmlns:xsi="http://www.w3.org/2001/XMLSchema-instance" xsi:schemaLocation="http://www.openarchives.org/OAI/2.0/ http://www.openarchives.org/OAI/2.0/OAI-PMH.xsd"><responseDate>2026-04-17T10:49:47Z</responseDate><request verb="GetRecord" identifier="oai:www.recercat.cat:2072/449693" metadataPrefix="marc">https://recercat.cat/oai/request</request><GetRecord><record><header><identifier>oai:recercat.cat:2072/449693</identifier><datestamp>2025-12-11T20:16:54Z</datestamp><setSpec>com_2072_98</setSpec><setSpec>col_2072_378194</setSpec></header><metadata><record xmlns="http://www.loc.gov/MARC21/slim" xmlns:dcterms="http://purl.org/dc/terms/" xmlns:xsi="http://www.w3.org/2001/XMLSchema-instance" xmlns:doc="http://www.lyncode.com/xoai" xsi:schemaLocation="http://www.loc.gov/MARC21/slim http://www.loc.gov/standards/marcxml/schema/MARC21slim.xsd">
   <leader>00925njm 22002777a 4500</leader>
   <datafield ind2=" " ind1=" " tag="042">
      <subfield code="a">dc</subfield>
   </datafield>
   <datafield ind2=" " ind1=" " tag="720">
      <subfield code="a">Fuentes Agustí, Marta</subfield>
      <subfield code="e">author</subfield>
   </datafield>
   <datafield ind2=" " ind1=" " tag="720">
      <subfield code="a">Valdivia, Paloma</subfield>
      <subfield code="e">author</subfield>
   </datafield>
   <datafield ind2=" " ind1=" " tag="260">
      <subfield code="c">2018</subfield>
   </datafield>
   <datafield ind2=" " ind1=" " tag="520">
      <subfield code="a">El Moodle-UAB el curso 2017-18 ha pasado a ser el único entorno elegido por la institución como plataforma informática de uso docente que proporciona un entorno virtual de aprendizaje para dar soporte a los estudios presenciales y vehicular los estudios no presenciales. Ante este reto, y más allá del mero uso tecnológico, un grupo de docentes interdisciplinario, multifacultativo e interdepartamental se reúne periódicamente para compartir sus experiencias, sus vivencias, sus inquietudes, sus necesidades, formular preguntas e indagar en sus respuestas, contactar con expertos, informarse, formarse y documentar el proceso de evaluación del estudiante. Se parte de la base que el uso de este entorno y otros recursos TIC a priori pueden ayudar a desarrollar una evaluación del estudiante formativa y formadora, continua y de seguimiento, guiada y retroalimentada, comunicativa y dialógica, individual y en grupo, personalizada y universal, etc. y facilitar que esta sea sostenible tanto para el estudiante como para el docente. Se partió de un diagnóstico personal inicial compartido que ha ido creciendo metacognitivamente hasta alcanzar un primer banco de herramientas y experiencias sobre la praxis educativa desarrollada, nuevas propuestas de mejora de la calidad en la Universidad, aportaciones de reflexiones a debatir. A la par, se ha iniciado una línea de investigación emergente.</subfield>
   </datafield>
   <datafield tag="653" ind2=" " ind1=" ">
      <subfield code="a">Moodle</subfield>
   </datafield>
   <datafield tag="653" ind2=" " ind1=" ">
      <subfield code="a">Práctica docente</subfield>
   </datafield>
   <datafield tag="653" ind2=" " ind1=" ">
      <subfield code="a">Estudiante</subfield>
   </datafield>
   <datafield tag="653" ind2=" " ind1=" ">
      <subfield code="a">Evaluación</subfield>
   </datafield>
   <datafield tag="653" ind2=" " ind1=" ">
      <subfield code="a">Educación superior</subfield>
   </datafield>
   <datafield tag="653" ind2=" " ind1=" ">
      <subfield code="a">TIC</subfield>
   </datafield>
   <datafield tag="653" ind2=" " ind1=" ">
      <subfield code="a">Tecnología</subfield>
   </datafield>
   <datafield ind2="0" ind1="0" tag="245">
      <subfield code="a">Aportación del Moodle-UAB en la evaluación del estudiante universitario : reflexiones desde la práxis docente</subfield>
   </datafield>
</record></metadata></record></GetRecord></OAI-PMH>